|
|
|
|
| LEADER |
01970nam a2200577 4500 |
| 001 |
ocn868967137 |
| 003 |
OCoLC |
| 005 |
20170124071356.5 |
| 006 |
m o d |
| 007 |
cr cn||||||||| |
| 008 |
131029t20132013gw o 000 0 ger d |
| 040 |
|
|
|a E7B
|b eng
|e rda
|e pn
|c E7B
|d OCLCO
|d N$T
|d DG1
|d OCLCF
|d COO
|d OCLCQ
|d DG1
|d GrThAP
|
| 020 |
|
|
|a 9783433603895
|q (electronic bk.)
|
| 020 |
|
|
|a 3433603898
|q (electronic bk.)
|
| 020 |
|
|
|a 9783433603925
|q (electronic bk.)
|
| 020 |
|
|
|a 3433603928
|q (electronic bk.)
|
| 020 |
|
|
|a 3433030855
|
| 020 |
|
|
|a 9783433030851
|
| 020 |
|
|
|z 9783433030851
|
| 029 |
1 |
|
|a CHBIS
|b 010259637
|
| 029 |
1 |
|
|a CHVBK
|b 325942048
|
| 029 |
1 |
|
|a DEBBG
|b BV041997429
|
| 035 |
|
|
|a (OCoLC)868967137
|
| 043 |
|
|
|a e-gx---
|
| 050 |
|
4 |
|a TA73
|b .S56 2013eb
|
| 072 |
|
7 |
|a REL
|x 012020
|2 bisacsh
|
| 072 |
|
7 |
|a REL
|x 022000
|2 bisacsh
|
| 082 |
0 |
4 |
|a 620.00943
|2 23
|
| 082 |
0 |
4 |
|a 242
|
| 049 |
|
|
|a MAIN
|
| 100 |
1 |
|
|a Simmendinger, Heinz.
|
| 245 |
1 |
0 |
|a HOAI 2013 :
|b Praxisleitfaden für Ingenieure und Architekten : inkl. Verordnungstext /
|c Heinz Simmendinger.
|
| 264 |
|
1 |
|a Berlin :
|b Ernst & Sohn,
|c [2013]
|
| 264 |
|
4 |
|c ©2013
|
| 300 |
|
|
|a 1 online resource (242 pages).
|
| 336 |
|
|
|a text
|b txt
|2 rdacontent
|
| 337 |
|
|
|a computer
|b c
|2 rdamedia
|
| 338 |
|
|
|a online resource
|b cr
|2 rdacarrier
|
| 490 |
0 |
|
|a Baurecht für Bauingenieure
|
| 588 |
0 |
|
|a Online resource; title from PDF title page (ebrary, viewed October 23, 2013).
|
| 650 |
|
0 |
|a Engineering
|z Germany.
|
| 650 |
|
0 |
|a Architecture
|z Germany.
|
| 650 |
|
7 |
|a RELIGION
|x Christian Life
|x Devotional.
|2 bisacsh
|
| 650 |
|
7 |
|a RELIGION
|x Devotional.
|2 bisacsh
|
| 650 |
|
7 |
|a Architecture.
|2 fast
|0 (OCoLC)fst00813346
|
| 650 |
|
7 |
|a Engineering.
|2 fast
|0 (OCoLC)fst00910312
|
| 651 |
|
7 |
|a Germany.
|2 fast
|0 (OCoLC)fst01210272
|
| 655 |
|
4 |
|a Electronic books.
|
| 655 |
|
0 |
|a Electronic books.
|
| 856 |
4 |
0 |
|u https://doi.org/10.1002/9783433603895
|z Full Text via HEAL-Link
|
| 994 |
|
|
|a 92
|b DG1
|